Normal view MARC view
  • Mazidi, Muhammad Ali

Entry Personal Name

Number of records used in: 1

001 - CONTROL NUMBER

  • control field: 117

003 - CONTROL NUMBER IDENTIFIER

  • control field: OSt

005 - DATE AND TIME OF LATEST TRANSACTION

  • control field: 20160427111937.0

008 - FIXED-LENGTH DATA ELEMENTS

  • fixed length control field: 160427|| aca||aabn | a|a d

040 ## - CATALOGING SOURCE

  • Original cataloging agency: OSt
  • Transcribing agency: OSt

100 ## - HEADING--PERSONAL NAME

  • Personal name: Mazidi, Muhammad Ali

670 ## - SOURCE DATA FOUND

  • Source citation: Work cat.: (OSt): Mazidi, Muhammad Ali, The 8051 Mcrocantroller and Embedded System, 2004